Set It Off songs - Statistics

General Stats
  • This quiz has been taken 110 times
  • The average score is 41 of 99
Answer Stats
Album Song % Correct
Horrible Kids
84%
Wolf In Sheep's Clothing
84%
Duality
82%
Partners in Crime
75%
Why Worry
75%
Midnight Killer In The Mirror
73%
Elsewhere Skeleton
73%
I'll Sleep When I'm Dead
68%
Projector
68%
Hourglass
67%
Nightmare
67%
Lonely Dance
66%
Upside Down
65%
Bleak December
62%
Duality The Haunting
61%
Midnight Thoughts
59%
The Magic 8
59%
N.M.E.
58%
Kill the Lights
57%
Plastic Promises
57%
Swan Song
56%
Why Do I
54%
Ancient History
53%
Cordial
53%
Hypnotized
53%
Who's In Control
53%
Catch Me If You Can
51%
Dancing With The Devil
51%
Loose Cannon
51%
Dangerous
49%
I'd Rather Drown
49%
Bad Guy
48%
Better Than This
48%
Forever Stuck In Our Youth
48%
Miss Mysterious
48%
@Reply
48%
Cut Off
47%
Raise No Fool
47%
Uncontainable
47%
Why Not Me
47%
Different Songs
46%
Freak Show
46%
Peekaboo
46%
Dream Catcher
44%
After Midnight One Single Second
44%
Taste Of The Good Life
43%
Tomorrow
43%
Dad's Song
42%
For You Forever
42%
Go To Bed Angry
42%
Happy All The Time
42%
No Disrespect
42%
So Predictable
42%
Unopened Windows
42%
The Grand Finale
39%
Crutch
38%
Stitch Me Up
38%
Upside Down Something New
37%
Cinematics Thoughts That Breathe
37%
Catch A Break
35%
Diamond Girl
35%
As Good As It Gets
34%
Criminal Minds
34%
Distance Disturbs Me
34%
I Want You (Gone)
34%
Playing With Bad Luck
34%
Ashley's Song
33%
Horrible Kids Breathe In, Breathe Out
33%
Third Wheel
33%
Admit It
32%
End In Tragedy
32%
Want
32%
No Control
30%
Tug Of War
30%
Others Hush Hush
29%
I Think It's Arrogance
29%
Life Afraid
29%
Me W/O Us
29%
Chase It!
27%
Duality: Stories Unplugged Wild Wild World
25%
Pages & Paragraphs
24%
This Christmas (I'll Burn It To The Ground)
23%
Text Me, Kelly
22%
Text Me, Kelly
22%
Missing You
20%
Never Know
20%
You Are Loved
20%
143
19%
Oh Marjorie
18%
Problem
16%
Heart Breaker 101
15%
Baby You Don't Tripajaharda Break It Up
14%
I Promise
14%
Together Forever
14%
Houston We're Going Down
13%
Shhh... It's a Secret
13%
Calm Before The Storm Introduction to Outselling a Salesman
11%
I May Not Be Fred Flinstone but I Can Make Your Bed Rock
9%
Feeling This
1%
No matching quizzes found
Score Distribution
Percent of People with Each Score
Percentile by Number Answered
Your Score History
You have not taken this quiz